000
00255nam a2200109Ia 4500
008
190911s9999||||xx |||||||||||||| ||und||
100
_a
Zahida Tasneem
245
0
_a
Khuawab Ankhoun Main
260
_a
Karachi
_b
Royal Book
_c
1998
300
_a
160
942
_c
BK
999
_c
6820
_d
6820